| 000 | 00802cam a2200205 4500 | ||
|---|---|---|---|
| 001 | WB3543-32 | ||
| 008 | 000000n1999 000 0 eng u | ||
| 035 | _a(Sirsi) u101231 | ||
| 245 | _aFirms battle to limit rate change damage | ||
| 260 | _c1999 | ||
| 490 |
_aTimes _v2 November 1999, 28(1) |
||
| 520 | _aA survey conducted by rating specialists Fuller Peiser showed that 80% of businesses are so worried about increases in the 2000 Rating Revaluation that they would accept lower decreases instead, where these apply. Companies also question the need for rises in line with inflation. | ||
| 590 | _aWB | ||
| 650 | _aRATING REVALUATION | ||
| 650 | _aRATING REVALUATION 2000 | ||
| 650 | _aBUSINESS RATES | ||
| 650 | _aUNIFORM BUSINESS RATES | ||
| 690 | _aRATING AND VALUATION | ||
| 942 | _n0 | ||
| 999 |
_c60385 _d60385 |
||